DA WIZARD - Travis Scott (Full lyrics) - Statistics

General Stats
  • This quiz has been taken 30 times
  • The average score is 171 of 294
Answer Stats
Answer % Correct
I,
100%
I
100%
T
100%
wizard,
100%
a
94%
it
94%
crawlin'
89%
creepin',
89%
go
83%
It's
83%
it's
83%
no
83%
the
83%
The
83%
lizard
78%
on
78%
On
78%
to
78%
an
72%
in
72%
like
72%
out
72%
right
72%
they
72%
with
72%
and
67%
at
67%
At
67%
Black
67%
call,
67%
face
67%
got
67%
ground
67%
idea
67%
Jump,
67%
jump
67%
my
67%
night
67%
night,
67%
now
67%
of
67%
rose
67%
Styrofoam
67%
we
67%
We
67%
world
67%
by
61%
Don,
61%
down
61%
from
61%
girl
61%
is
61%
look
61%
lookin'
61%
me
61%
one
61%
that
61%
this
61%
This
61%
together
61%
together,
61%
you
61%
actin'
56%
ass
56%
blizzard
56%
blizzard,
56%
bullshit,
56%
chills
56%
clear
56%
coke
56%
fears
56%
gate,
56%
get
56%
givin'
56%
had
56%
metro
56%
she
56%
She
56%
shivers
56%
soul
56%
spot
56%
sweat
56%
tears
56%
Tell
56%
there
56%
was
56%
white
56%
back,
50%
back
50%
be
50%
'cause
50%
code
50%
drowned
50%
Glock
50%
her
50%
just
50%
know
50%
let's
50%
rock
50%
run,
50%
Run
50%
run
50%
shit
50%
swear
50%
these
50%
top
50%
up
50%
word
50%
all
44%
all,
44%
come
44%
connect
44%
flew
44%
forever
44%
Frontier
44%
hill,
44%
If
44%
make
44%
mirror
44%
most
44%
nigga
44%
OST,
44%
peers
44%
rappers
44%
ride
44%
straight,
44%
Ten
44%
used
44%
Used
44%
walk
44%
walls
44%
Whippin'
44%
will
44%
wrist
44%
Yeah
44%
yeah,
44%
ain't
39%
airline
39%
been
39%
blind
39%
bond
39%
but
39%
Coach
39%
feel
39%
gizzard,
39%
here
39%
I'm
39%
jet
39%
Not
39%
prayer
39%
scissor,
39%
took
39%
track
39%
track,
39%
years
39%
Ayy,
33%
crack,
33%
dock,
33%
halls,
33%
how
33%
joints,
33%
keep
33%
medals
33%
Outta
33%
rerock,
33%
runnin'
33%
several
33%
some
33%
way
33%
Baby
28%
bonds,
28%
brought
28%
dinner,
28%
eatin'
28%
fibbers
28%
I've
28%
Jacques
28%
keepin'
28%
ridin'
28%
SZA,
28%
through
28%
tryna
28%
withdrawals,
28%
Chiropract'
22%
friend
22%
fucked
22%
glitter
22%
hand
22%
makin'
22%
Rev
22%
rocks
22%
stopped
17%
blog,
11%
No matching quizzes found
Score Distribution
Percent of People with Each Score
Percentile by Number Answered
Your Score History
You have not taken this quiz